ALCS losers since 2000 - Statistics

General Stats
  • This quiz has been taken 91 times
    14 since last reset
  • The average score is 24 of 26
Answer Stats
Hint
Answer % Correct
2009 Angels
100%
2005 Angels
100%
2013 Tigers
100%
2011 Tigers
100%
2022 Yankees
100%
2019 Yankees
100%
2017 Yankees
100%
2012 Yankees
100%
2010 Yankees
100%
2004 Yankees
100%
2023 Astros
91%
2020 Astros
91%
2018 Astros
91%
2016 Blue Jays
91%
2015 Blue Jays
91%
2025 Mariners
91%
2001 Mariners
91%
2000 Mariners
91%
2014 Orioles
91%
2021 Red Sox
91%
2008 Red Sox
91%
2003 Red Sox
91%
2002 Twins
91%
2006 Athletics
82%
2024 Guardians
82%
2007 Guardians
82%
No matching quizzes found
Score Distribution
Percent of People with Each Score
Percentile by Number Answered
Your Score History
You have not taken this quiz since the last reset